000
00194 a2200097 4500
001
5145
100
_a
Soohoo,RF
245
_a
Magnetic thin films
260
_a
_b
Harper
_c
090
_c
4279
_d
4279
942
_a
NUST-CAE
_c
M
_c
30577
999
_c
240218
_d
240218